00305nam a2200133Ia 4500008004100000041001200041082001600053100001500069245002000084260003000104300000800134650001500142700001400157221030s9999 xx 000 0 und d aEnglish a105.23bNum aR. Maxwell 0aAll About Words bGeneral BookaIndiac1998 a416 aBB English aRosenblum